[Event "V4 Int Open ch-SVK 2013"]
[Site "Banska Stiavnica SVK"]
[Date "2013.07.08"]
[Round "3"]
[White "Oszczanowski, Witold"]
[Black "Krnan, Tomas"]
[Result "0-1"]
[WhiteElo "1936"]
[BlackElo "2411"]
[Annotator "Tomas Krnan"]
[PlyCount "102"]
[EventDate "2013.07.??"]
[EventType "swiss"]
[EventRounds "9"]
[EventCountry "SVK"]

{Due to the accelerated pairing system used in the first two rounds, many
higher seeds were paired against lower rated opponents in round 3. My opponent
however performed well above his rating in the tournament and this game was
far from easy.} 1. e4 d5 2. exd5 Nf6 3. Bb5+ Bd7 4. Bc4 {Diagram [#]} b5 $5 {
The sharpest continuation.} (4... Bg4 5. f3 Bf5 {(5. ... Bc8 is also possible)
is a more common and objectively better line. And while White can continue
with sharp 6.g4, he can also calmly develop and keep a slight advantage, for
example} 6. Nc3 Nbd7 7. Nge2 Nb6 8. Bb3 Nfxd5 9. Nxd5 Nxd5 10. Ng3 Bg6 11. d4
e6 12. O-O {. I was looking for a more active game straight from the opening,
although in which case I should have at least reviewed the critical lines
before the game if I was going to play 4. ... b5.}) 5. Bb3 a5 6. a3 {Diagram 
[#]} (6. a4 bxa4 7. Bc4 {is also good, but I wasn't going to mind the position
after} c6 8. dxc6 Bxc6 9. Nf3 e6 10. d4 Nbd7 11. O-O Bd6 {White has some
advantage, but the position remains very complicated. The bishops and the
half-open queenside files provide counterplay for the doubled a-pawns, which
are not that easy to get to.}) 6... Bc8 $2 {An awful mixup of move order! The
bishop does belong on a6, but correct is 6. ... Bg4 7.f3 and only then 7. ...
Bc8, so that the f3 square is taken away from the knight or the queen. I knew
about the idea since ...Bg4 is common in many variations in this type of
Scandinavian, but for some reason I forgot to play it. Untolerable, even
without preparation!} (6... Bg4 7. f3 Bc8 8. Nc3 Ba6 9. Nge2 g6 {Diagram [#]}
10. d3 (10. Nd4 $6 {(to attack b5 and prevent c6)} Qd7 11. Qe2 a4 12. Ba2 b4
13. Ncb5 Bg7 $1 14. axb4 O-O 15. Qc4 (15. c4 $2 Nxd5 $1 16. cxd5 Bxd4 17. Bc4
Bxb5 18. Bxb5 Qxd5 $15) 15... Ne8 $1 {with excellent compensation for the two
pawns.}) 10... Bg7 11. O-O O-O 12. Be3 c6 (12... Nbd7 $2 {with the idea of ...
Nb6 and retaking on d5 is not good due to} 13. Nd4 Nb6 14. Nc6 $1 {followed by
15.Re1 and the e7 pawn will become a big weakness.}) 13. dxc6 Nxc6 {with
compensation for the pawn. One can make his own assessment about the extent
and sufficiency of this compensation. From a practical point, the assessment
is relative to the types of positions one prefers, and I wouldn't be
completely displeased here with the result of the opening.}) 7. Nc3 Ba6 {
Diagram [#]} 8. Qf3 {Simply 8.Nf3 is also strong. Now finishing development is
too slow for Black, for example:} (8. Nf3 g6 9. O-O (9. Nd4 $5 Qd7 10. Qf3 {
(otherwise 10. ... c5)} c5 $1 11. dxc6 Qxd4 12. c7 (12. O-O Qg4 $13) 12... Qe5+
13. Kd1 Qxc7 14. Qxa8 Bg7 {followed by ...0-0 and despite the material deficit
the game remains complicated with practical chances for sufficient
compensation.}) 9... Bg7 (9... b4 10. Ba4+ Nfd7 (10... Nbd7 $2 {loses
immediately due to} 11. Ne5 $3 bxc3 ({or} 11... Bxf1 12. Ne4 $1 $18) 12. Qf3 $1
$18 {(Xd7 Xf7)}) 11. Ne2 Bg7 12. axb4 axb4 13. Bb5 O-O 14. Bxa6 Nb6 15. c4 $16
{and White seems to keep the extra pawn.}) 10. Re1 O-O 11. d4 b4 12. Ne4 $16 {
, since 12. ... Nxd5 13. Nc5 leads to big positional advantage for White.}) ({
After} 8. Nf3 {Black's best try might be} a4 9. Ba2 c6 10. dxc6 Nxc6 {, but
after} 11. O-O $1 e6 (11... b4 12. Re1 $1 bxc3 13. Ng5 e6 14. Nxf7 Kxf7 15.
Rxe6 g6 16. Rd6+ Kg7 17. Rxd8 Rxd8 18. bxc3 {and White's material advantage
should be decisive.}) 12. Re1 {White remains a healthy pawn up and with the
knight on f3, instead of the pawn, Black's counterplay is much more limited.})
8... Nbd7 9. d4 g6 10. Bg5 Bg7 11. Nge2 O-O 12. O-O Nb6 {Diagram [#] Despite a
big inaccuracy on the sixth move, Black has manged to develop his pieces in
time to standard squares. White's setup was also logical but perhaps too slow;
I felt like he could have gained more. Now White has to always consider ...b4
and my opponent decided to exchange the bishop to try and keep the d5 pawn.}
13. Bxf6 (13. Rfe1 b4 $5 14. Na4 {would have led to tactical complications
where Black seems to be hanging on:} bxa3 15. Nxb6 (15. Rxa3 Nc4 16. Bxc4 (16.
Ra2 {leads to nothing after} Qxd5 17. Qxd5 Nxd5 18. Nc5 Bb5) 16... Bxc4 17.
Bxf6 Bxf6 18. Nac3 a4 $1 {Otherwise 19. b3} 19. Rea1 Qb8 $1 20. Rxa4 (20. b3 $2
axb3 $1 21. Rxa8 b2 22. Rxb8 bxa1=Q+ 23. Rb1 Bxe2 24. Qe3 Qa5 25. Nxe2 Qxd5 {
and suddenly it's Black with a more pleasant position.}) 20... Rxa4 21. Rxa4
Bxe2 22. Qxe2 Qxb2 {and Black seems active enough to be able to equalize.})
15... cxb6 16. Rxa3 b5 {Otherwise 17. c4} 17. Nf4 a4 18. Ba2 Rc8 19. c3 Bb7 20.
Qe2 Qb6 {and Black would have at least complicated things without
deteriorating his position.}) 13... exf6 14. Ne4 b4 15. axb4 axb4 {Diagram [#]}
16. Rfe1 $2 ({When I played 14. ... b4 I considered the following forced
sequence to be a threat to equalize, while also keeping prospects to play for
potential advantage. Therefore, this move is simply a loss of tempo. Better
was direct} 16. Nc5 {, although after} Bb5 {White's advantage seems to be
fading.}) 16... Bxe2 17. Qxe2 Rxa1 18. Rxa1 f5 19. Nc5 Bxd4 20. Nd3 {Diagram 
[#]} Qf6 ({I was relieved to finally equalize. Now} 20... Nxd5 21. Bxd5 Qxd5
22. Nxb4 Qd6 23. c3 {seems to be the most solid continuation with equality. I
decided to play a different 'equal' variation but without further piece
exchanges. I found a few strategic aspects of the postion that I could try to
exploit...}) 21. Nxb4 Bxb2 22. Rd1 Bc3 23. Nc6 {Diagram [#] This is the
position I had in mind when I played 14. ... b4. Objectively the position is
completely equal, but Black has some strategic pluses. First, Black's bishop
is superior to his opposite color's rival, which is blocked by his own pawns.
Second, the bishop on c3 is also controling most of White knight's manoeuvring
squares (and dark squares in general). And thirdly, Black's knight can easily
transfer to d6 where it can allow Black to gain the 'e' file and also jump to
the excellent e4 square. These points are not enough to claim any advantage,
as White has no real weaknesses, but it's certainly enough to keep playing and
fight for one.} Kg7 24. Qf3 {Voluntarily gives up the 'e' file with the aim of
forcing the bishop out of c3. There was however a more clever way to do this
with 24. Na7!, followed by Nb5 (while also preventing 24. ... Nc8). The knight
on c6 looks very good, but in fact is not doing much.} Re8 25. g3 Nc8 26. Rd3
Re1+ 27. Kg2 Bb2 28. Re3 Rc1 {Diagram [#] Black has managed to take control of
the first rank and is quickly threating to use the dark squares and double on
the first rank with a clever ...Ba3 followed by ...Qa1. This doesn't come
without risk, however, as the given up 'e' file can now be used by White to
create threats of his own. My opponent plays a strong move to activate his
pieces and create counterplay.} 29. d6 $1 (29. Re8 Nd6 30. Re7 {was also
strong.} {So I would have to settle for a draw with:} Ba3 ({After a closer
look I would probably reject my original idea:} 30... Ne4 $5 31. d6 $1 (31.
Rxc7 $2 Rf1 $3) 31... Nxd6 32. Rxc7 {and now it's White who will play on.}) 31.
Qf4 Qa1 32. Qe5+ Qxe5 33. Nxe5 Re1 34. Nc6 (34. f4 $6 Re2+ 35. Kf1 (35. Kh3 $4
g5 $1 36. fxg5 Bb2 37. Nc6 Ne4 38. g4 f4 $19) 35... Rxh2 36. Rxc7 Ne4 37. Rxf7+
Kh6 {and White is risking more.}) 34... Rxe7 35. Nxe7 {with a draw.}) 29...
Nxd6 ({Or} 29... Qxd6 30. Rd3 {followed by 31. Rd7}) 30. Re7 Ba3 31. Rxc7 Qa1 {
Diagram [#]  Critical Position   Black has fully maximized the potential of
his pieces and with concrete threats he gives White a chance to go wrong. The
coordination of Black's pieces is excellent - they are defending one another
and each one is on a perfect square. The rook taking control of the first rank,
the queen doubling on the first rank while also defending the a1-h8 diagonal,
the bishop maneuvring to a3 to clear path for the queen and defend the knight
on d6, and finally the knight protecting the key weakness on f7. All of it
done using the weak black squares - a real strategic triumph for Black.} 32.
Qe2 $4 {And White does make a huge error!   White had to threaten the exchange
of the queens on the long diagonal. Therefore White had to play:} (32. Qd5 Rg1+
33. Kf3 Qc3+ 34. Qd3 Qe1 35. Qd4+ Kh6 36. h4 $11) ({Or,} 32. Qe3 Rg1+ 33. Kf3
Bb2 (33... Qd1+ 34. Qe2 $11) 34. Nd8 Qf1 35. Nxf7 Qg2+ 36. Ke2 Qf1+ $11) 32...
Re1 $2 {In time trouble I decided to repeat moves and give myself more time to
find the winning continuation, as I did not see it right away. This could have
made things a lot more difficult if White realized that his previous move was
a big mistake...} 33. Qd3 Rd1 34. Qe2 {I'll spare the question marks during
the repetition, but correct was 34. Qe3! Now, because the d4 square is
defended and thus there is no exchange of queens, things are not excatly the
same as in the comments for White's 32nd move. There is one line that
apperently wins for Black, according to an engine:} (34. Qe3 Ne4 $1 35. Rxf7+
Kh8 36. Bc4 $1 {(To protect a check on f1.)} Rg1+ 37. Kh3 Qd1 $3 38. Be2 Qd6 $1
{(Threatening ...Bc5)} 39. Qh6 Nxf2+ 40. Kh4 Qxg3+ $1 41. hxg3 Rh1+ 42. Kg5
Ne4+ 43. Kf4 Rxh6 $19 {as g3 will also fall shortly. What makes this beautiful
and ridiculous line even more apalling is that it is entirely made up of 'only
moves'. I don't consider myself a bad tactician, but I have to admit that I
wouldn't see this in time trouble.}) 34... Re1 35. Qd3 Rd1 36. Qe2 Rg1+ 37. Kh3
Qc1 $1 38. f4 {Diagram [#] Forced, but now Black king can hide on h6 and there
is no longer a potential for perpetual or an exchange of queens. And even more
importantly, the e3 square is weakened...} Re1 $1 39. Qf3 Re3 $1 {Very precise.
} 40. Qg2 Qd1 {Time control has been reached and White is defenceless against
Black's mating threats.} 41. Qd5 Qh5+ 42. Kg2 {Diagram [#]} Qe2+ (42... Re2+
43. Kf1 Rxh2 {would also result in a checkmate soon, since} 44. Rxf7+ Nxf7 45.
Qxf7+ Kh6 {is safe as Black's bishop defends the f8. A nice illustration of
the importance of the bishop on a3, which has not moved in a while but was
nonetheless a key piece in defence.}) 43. Kh3 Kh6 {To eliminate any potential
counter chances with sacrifice on f7. Practical decision not to risk
miscalculating in a winning position.} 44. Ne5 Qh5+ (44... Ne4 45. Nxf7+ Kh5
46. Bc4 Qg4+ 47. Kg2 Qf3+ 48. Kh3 Nf2# {was a quicker way to win.}) 45. Kg2
Re2+ 46. Kf1 Rxh2 47. Qf3 Qh3+ 48. Kg1 {Diagram [#] Now it's time for the
bishop, which has been standing on a3 since move 30, to make a winning
manoeuvre.} Bb2 $1 {Both defences against ...Bd4+ -- 49. c3 or 49. Nc6 --
prevent the rook from coming to c3.} 49. c3 Bc1 $1 {Now the idea of 48. ...
Bb2 becomes clear: White has no defence against ...Be3+.} 50. Bd5 {Diagram [#]
Critical Position} Rh1+ $1 51. Qxh1 Be3# {An elegant finish! A very fine
balance of strategic and tactical ideas in what seemed to be a very equal
middlegame.} 0-1

[Event "V4 Int Open ch-SVK 2013"]
[Site "Banska Stiavnica SVK"]
[Date "2013.07.10"]
[Round "5.6"]
[White "Repkova, Eva"]
[Black "Krnan, Tomas"]
[Result "0-1"]
[WhiteElo "2374"]
[BlackElo "2411"]
[Annotator "Tomas Krnan"]
[PlyCount "80"]
[EventDate "2013.07.??"]
[EventType "swiss"]
[EventRounds "9"]
[EventCountry "SVK"]

{It would be unfair if I didn't mention the impact my good friend IM Stefan
Macak had on the following game. As was the case with most evenings, we were
sitting in our favorite local pub, having a few drinks after we both missed
relatively easy wins earlier in the day. I told him who my opponent was for
the next game. After a short thought he said that she plays French with 2.b3.
I smiled and told him I've never played French before, but he quickly told me
the first four moves. The last move interested me a lot due to its originality,
and it was then that I decided to play it.   I asked him about his opponent as
well, thinking that maybe I can give him some hint as well. With his usual wit,
Stefan replied: "Ahh, I'll just play 1. ... Nc6 on whatever!" Our preparation
has ended before we even expected it to start, and we ordered another round of
drinks...} 1. e4 e6 {And so for the first time in a tournament game I move the
'e' pawn by only one square as my opening move...} 2. b3 d5 3. Bb2 Nf6 (3...
dxe4 4. Nc3 Nf6 5. Qe2 Bb4 6. O-O-O {is the main line, but I was not intending
to play this.}) 4. e5 Ng8 $5 {Diagram [#] Stefan's recommendation! At a quick
glance this idea looks very wierd, as Black has just 'wasted' two of his first
four moves, while returning a piece to its original suare on successive moves.
But a deeper look reveals that the only thing White got in return for these
tempi is a queenside fianchetto, the usefulness of which is arguable at best.
My view was that it didn't really fit the position, and it was based on this
observation that I decided to follow my friend's idea. 4. ... Nd7 is more
common, but we both liked the idea of playing h5 and transfering the knight to
f5 more.} 5. f4 c5 6. Nf3 Nc6 7. Bd3 {White obviously doesn't want to play 7.
d4 with his bishop on b2, as this would weaken e3. Black would follow the same
plan of transfering the knight to f5, and the exchange on d4 or c5 would only
help Black anyway.} h5 8. g3 Nh6 9. Nh4 $6 {Diagram [#] This move only gives
Black more options without preventing anything. But already it is not simple
for White to finish development and establish a plan - perhaps something like
9. Na3 and c4 was preferrable. Black's position is just easier to play - his
pieces look to be placed more logically and he has very realistic potential to
launch initiative on either wing.  Now came another valuable advice from
Stefan very handy. He told me that my opponent likes to play attacking,
unbalanced positions even when they may not be as sound. When my opponent
played 8. g3 I considered 9. Nh4 as a follow-up, but figured that 9. ... Nf5
was still strong, for example 10. Nxf5 exf5 11. h4 Be6 with a slight advantage
to Black. But then I saw an opportunity to give my opponent a chance to
sacrifice a piece for three pawns. I considered this sacrifice to be
strategically very favourable to Black, but I sensed that White might go for
it anyway, given her playing style.} g6 $1 ({It's worth noting that} 9... Be7
10. Qxh5 Bxh4 11. gxh4 Nb4 {is also significantly better for Black as he will
easily recapture the missing pawn and White will be left with very noticable
weaknesses. 10. Nf3 would probably have to be played, which makes 9. Nh4 very
dubious at best.}) 10. Nxg6 $2 {Played almost instantly! My intuition was spot
on - White goes for a position with equal but unbalanced material, but
misjudges the ensuing position.} ({Taking with the bishop would have lost
immediately after:} 10. Bxg6 $4 Be7 $1 11. Bxf7+ ({or} 11. Qxh5 Bxh4 12. gxh4
fxg6 13. Qxg6+ Nf7 $19) 11... Nxf7 12. Ng6 Rh6 $19) 10... fxg6 11. Bxg6+ Kd7
12. Bxh5 (12. Qxh5 Be7 13. Nc3 Kc7 14. O-O-O a6 $17 {Black will follow with ...
Qg8 and none of White's pieces seem to have any prospects. Black completely
dominates on the queenside and the three pawns on the kingside have a long way
before any of them can be pushed forward.}) 12... Nf5 $17 {Diagram [#] Dream
result of the opening, preparation could not have been any better. Despite
having three pawns for a piece, White's problem lies in lack of development
and bad placement of pieces. Not a single White piece stands well and it's not
easy to find squares to improve them. Meanwhile, Black has no weaknesses, he
is preventing White's kingside pawns from advancing and is prepared to launch
strong initiative on the queenside.} 13. Na3 Qa5 14. c3 b5 $1 15. Bf3 Ba6 16.
Nc2 Qb6 {With some precise moves, Black has quickly built up strong pressure
on the queenside. White has done well to somewhat solidify her pieces, but
Black's advantage is still great. Incredibly, with a board full of pieces,
White is not too far from zugzwang! An immediate 16. ... b4? would be bad due
to 17. c4!} 17. Qe2 $1 {Diagram [#] With only a few reasonable moves in the
position, White finds the most interesting one. Despite moving into a
discovered attack from the bishop on a6, White can again reply with 18. c4 on
17. ... b4. Now Black has to chose between at least three reasonable
continuations.} b4 ({Tempting and most direct.   I also considered 17. ... c4,
but I could not find a continuation that would satisfy me after 18. b4:} 17...
c4 18. b4 Bb7 (18... d4 $6 19. cxd4 Nfxd4 20. Nxd4 Nxd4 21. Bxd4 Qxd4 22. Qe4
$1 Qxe4+ 23. Bxe4 Rd8 24. a3 {and White has good chances to hold the endgame.})
19. d4 cxd3 20. Qxd3 {followed by 21. 0-0-0 and Black has not achieved much.})
({17. ... Kc7 also makes sense to improve king's position and open 'd' file
for the rook before comitting with either pawn advance. But after 18. d3 White
will achieve pawn blockade} 17... Kc7 18. d3 c4 (18... b4 19. c4) (18... Bb7
19. Qf2 a5 20. O-O {is also nothing concrete, although Black remains
undoubtedly better.}) 19. b4 cxd3 20. Qxd3 Rxh2 21. O-O-O $1 Rxh1 22. Rxh1 Rd8
23. g4 $13 {is very unclear.}) 18. c4 dxc4 19. bxc4 Rd8 20. Be4 {Diagram [#]}
Nfd4 $2 ({Black's first mistake gives away most of the advantage.   20. ...
Kc7 was fairly obvious and strong and I was deciding between this and the text
move. For some reason I felt it might be dangerous to give up the d5 square
after an exchange on f5, but this was only an illusion:} 20... Kc7 21. Bxf5
exf5 22. d3 (22. Ne3 $2 Nd4 23. Bxd4 cxd4 $19) 22... Bb7 {and Black is
dominating. If White doesn't take on f5, then Black just plays 21. ... Bb7 and
22. ... Ncd4, but will end up recapturing on d4 with the rook at the end of
exchanges. I overestimated the position in the game and chose the wrong path.})
21. Nxd4 cxd4 22. d3 Bc5 {I figured I'll just play Ne7, Bb7, a5, a4 and break
through on the queenside, perhaps exchanging the light-squared bishops at a
convenient time. White's extra pawns on the kingside, however, can now start
moving as well...} 23. h4 Ne7 24. g4 Bb7 {Diagram [#]} 25. O-O-O $2 ({White
errs as well, just when the position became dynamically equal! Her King was
the safest in the middle, at least for now. 25. h5 was the best, for example:} 
25. h5 Bxe4 (25... Rdg8 26. Bxb7 Qxb7 27. Kf2 {followed by Qf3}) 26. Qxe4 Rdg8
27. Qf3 a5 28. Ke2 a4 29. Bc1 $13 {The position after 25. h5 would be very
unclear and while I would still prefer to play it as Black, I think he is no
longer better.}) 25... b3 $1 26. axb3 {Diagram [#]} Qxb3 $6 (26... Bxe4 $1 27.
Qxe4 Qxb3 $19 {was a much better move order, since} 28. Bxd4 {loses to} Nc6 $1)
27. f5 $2 ({Loses quickly. The only move was} 27. Qc2 {, although the endgame
after} Qxc2+ (27... Qb6 {is also possible}) 28. Kxc2 Bxe4 29. dxe4 Nc6 {should
be winning for Black, but it's not as straighforward as the game continuation.}
) 27... Bxe4 $1 $19 28. Qxe4 Rb8 29. Rd2 Kc7 {White is defenseless against
threats ...Bb4 or ...Nc6. The rest is simple.} 30. fxe6 Bb4 31. Rc2 Bc3 32. Qg2
Nc6 33. Rf1 Nxe5 34. Rd1 Bxb2+ 35. Rxb2 Qc3+ 36. Rc2 Nxd3+ 37. Rxd3 Qxd3 38.
Qh2+ Kc8 39. Qg2 Qa3+ 40. Kd2 Qe3+ 0-1